Modern control theory (Record no. 18567)

000 -LEADER
fixed length control field 00573nam a2200205 4500
001 - CONTROL NUMBER
control field 18567
003 - CONTROL NUMBER IDENTIFIER
control field BD-DhUET
008 - FIXED-LENGTH DATA ELEMENTS--GENERAL INFORMATION
fixed length control field 720531s1964 nyua b 000 0 eng
040 ## - CATALOGING SOURCE
Original cataloging agency DLC
Transcribing agency DLC
Modifying agency BD-DhUET
082 ## - DEWEY DECIMAL CLASSIFICATION NUMBER
Classification number 629.8
Item number TOU/1964
100 ## - MAIN ENTRY--PERSONAL NAME
Personal name Tou, Julius T.
245 10 - TITLE STATEMENT
Title Modern control theory
250 ## - EDITION STATEMENT
Edition statement 1st ed.
260 ## - PUBLICATION, DISTRIBUTION, ETC. (IMPRINT)
Place of publication, distribution, etc. New York
Name of publisher, distributor, etc. McGraw-Hill
Date of publication, distribution, etc. 1964
300 ## - PHYSICAL DESCRIPTION
Extent xv, 427 p.
Other physical details illus.
Dimensions 23 cm.
490 ## - SERIES STATEMENT
Series statement McGraw-Hill electrical and electronic engineering series
504 ## - BIBLIOGRAPHY, ETC. NOTE
Bibliography, etc Includes bibliographies
650 #0 - SUBJECT ADDED ENTRY--TOPICAL TERM
Topical term or geographic name as entry element Automatic control engineering
942 ## - ADDED ENTRY ELEMENTS (KOHA)
Koha item type General Book
Holdings
Damaged status Not for loan Price effective from Shelving location Koha date last seen Source of classification or shelving scheme Koha item type Location (home branch) Copy number Sublocation or collection (holding branch) Date acquired Piece designation (barcode) Withdrawn status Lost status Koha normalized classification for sorting Koha full call number
  2015-03-30Circulation section2015-03-30 General BookCentral Library, BUET1Central Library, BUET2015-03-3016366  629_800000000000000_TOU_1964629.8/TOU/1964
  2015-03-31Circulation section2015-03-31 General BookCentral Library, BUET2Central Library, BUET2015-03-3120017  629_800000000000000_TOU_1964629.8/TOU/1964
  2015-03-31Circulation section2015-03-31 General BookCentral Library, BUET3Central Library, BUET2015-03-3134538  629_800000000000000_TOU_1964629.8/TOU/1964
  2015-06-18Reading section2015-06-18 Reading ItemCentral Library, BUET4Central Library, BUET2015-06-187527  629_800000000000000_TOU_1964629.8/TOU/1964